000 00577nam a2200169 a 4500
001 000020798
005 20200930011152.0
008 100817s1962 fr abc 000 0 spa d
040 _aDO-SdBNP
_bspa
_cBPJMB
082 _a333.7924
_bE56n
245 0 3 _aLa energía nuclear en Gran Bretaña /
_ceditado por Reference Division Central Office of Information.
260 _aLondres :
_b[s.n.],
_c1962.
300 _a100 p. :
_bil., retrs, mapas ;
_c24 cm.
500 _aIncluye notas al pie de las páginas
650 4 _aEnergía nuclear
_934594
650 4 _aFuentes de energía
_943589
999 _c20302
_d20302